| 000 | 00531nam a2200169Ia 4500 | ||
|---|---|---|---|
| 003 | OSt | ||
| 005 | 20200612150522.0 | ||
| 008 | 190216s9999||||xx |||||||||||||| ||und|| | ||
| 020 | _a9788175364882 | ||
| 040 | _coclc | ||
| 082 |
_a305.8009548 _bTHU/C |
||
| 100 |
_aThurston, Edgar _92858 |
||
| 245 | 0 |
_aCastes And Tribes Of Southern India / _c Edgar Thurston ; K Rangachari |
|
| 260 |
_bLow Price Publications, _c2010. _a Delhi: |
||
| 300 | _a397p | ||
| 942 |
_cBK _2ddc _h305.8009548 _iTHU/C _k305.8009548 _mTHU/C |
||
| 999 |
_c21424 _d21424 |
||